Harrison: principios de medicina interna

Saved in:
Bibliografiske detaljer
Main Authors: Fauci, Anthony S (Author), Braunwald, Eugene (Author), Isselbacher, Kurt J (Author), Wilson, Jean D (Author), Martin, Joseph B (Author), Kasper, Dennis L (Author), Hauser, Stephen L (Author)
Andre forfattere: Longo, Dan L. (autor)
Format: Bog
Sprog:spansk
Udgivet: Madrid McGraw-Hill Interamericana 1999
Udgivelse:4a. ed
Fag:
Tags: Tilføj Tag
Ingen Tags, Vær først til at tagge denne postø!

MARC

LEADER 00000nam a2200000 a 4500
001 UCH3565
003 CL-VaPUC
008 090811e19990000SP |||||||||||||||||spa|d
020 |a 8448602153 
082 0 4 |a 616  |b FAU  |2 21 
100 0 |a Fauci, Anthony S  |e author  |9 538918 
700 0 |a Braunwald, Eugene  |e author  |9 538919 
700 0 |a Isselbacher, Kurt J  |e author  |9 538920 
700 0 |a Wilson, Jean D  |e author  |9 538921 
700 0 |a Martin, Joseph B  |e author  |9 538922 
700 0 |a Kasper, Dennis L  |e author  |9 538923 
700 0 |a Hauser, Stephen L  |e author  |9 538924 
700 |a Longo, Dan L.  |e autor  |9 538925 
245 1 0 |a Harrison: principios de medicina interna 
250 |a 4a. ed 
300 |a 1268 p 
942 |c BK 
945 |d 20090811 00:00:00  |a cmena 
260 |a Madrid  |b McGraw-Hill Interamericana  |c 1999 
650 0 |a Medicina clínica   |9 328118 
650 7 |a MEDICINA INTERNA  |2 CL-VaPUC  |9 429253 
650 0 |a Genética  |9 259443 
650 0 |a Nutrición   |9 259434 
650 0 |a Enfermedades infecciosas  |9 337719 
650 0 |a Sistema respiratorio  |9 329869 
650 7 |a ONCOLOGIA  |2 CL-VaPUC  |9 315941 
650 0 |a Endocrinología  |9 335883 
650 0 |a Neurología   |9 269802 
650 0 |a Farmacología   |9 269634 
583 |a last modification  |c 20090811 00:00:00  |k Rodrigo Vera 
999 |c 335047  |d 335045 
952 |0 0  |1 0  |4 0  |6 616_000000000000000_FAU_1999  |7 0  |8 A  |9 424588  |a BIBCUR  |b BIBCUR  |d 2019-11-22  |i 1088475  |l 1  |o 616 FAU 1999  |p 1088475  |r 2025-04-22  |s 2023-09-21  |w 2019-11-22  |y BK  |k KIN